| 000 | 00830nam a2200217Ia 4500 | ||
|---|---|---|---|
| 003 | OSt | ||
| 005 | 20250710114203.0 | ||
| 008 | 191128s2002 ck gr 000 f spa d | ||
| 020 | _a958806189X | ||
| 040 |
_aCO-JMCR _cCO-JMCR |
||
| 041 | _aspa | ||
| 082 | 0 | 4 |
_aN _bFONo |
| 100 | 1 |
_aFonseca Mora, Ramón, _eautor _96988 |
|
| 245 | 1 | 0 |
_aOjitos de ángel / _cRamón Fonseca Mora |
| 250 | _aPrimera edición | ||
| 260 |
_aBogotá : _bAlfaguara, _c2002 |
||
| 300 |
_a157 páginas ; _c 22 cm. |
||
| 520 | _aToda su vida son Julio ha estado rodeado de lujos que lo han convertido en una persona intolerante y prepotente, cuya única preocupación es aumentar su fortuna. Un día, este hombre tan poderoso despierta en un humilde hospital público, con el vago recuerd | ||
| 650 | 1 | 4 |
_aNiños en la literatura _96989 |
| 942 |
_2ddc _cBK |
||
| 999 |
_c4397 _d4397 |
||